Culture Générale - Série 2668 - Statistiques

Statistiques générales
  • Ce quiz a été pris 87 fois
  • Le résultat moyen est 4 sur 10
Statistiques - réponses
Question Réponse % Correct
Quel était l'instrument de prédilection du jazzman Charlie Parker ? saxophone
83%
Comment s'appelle le détroit situé entre la Russie et l'Alaska ? Bering
70%
Dans quel pays se trouve le lac Majeur ? Italie
50%
Quelle est la capitale de la Sierra Leone ? Freetown
49%
Quel est le prénom et nom de l'acteur qui incarne, en 1967, "Le Samourai" de Jean-Pierre Melville ? Alain Delon
44%
Sous quel prénom et nom connaissait-on mieux Iossif Vissarionovitch Djougachvili ? Joseph Staline
40%
A quel pays appartient l'île Sulawesi, anciennement appelée Célèbes ? Indonésie
39%
Qui a écrit "Le vicomte de Bragelonne" ? prénom et nom Alexandre Dumas
23%
Qui a écrit "Les enfants terribles" en 1929 ? prénom et nom Jean Cocteau
20%
Quelle chanson de Michel Sardou de 1972 commence par " Citoyen quel est ton nom" ? Danton
5%
Aucun quiz correspondant
Distribution des résultats
% des personnes avec chaque résultat
Percentile par nombre de réponses
Votre historique - résultats
Vous n’avez pas pris ce quiz